THE REALITIES OFWORK (Record no. 17164)

MARC details
000 -LEADER
fixed length control field 00400nam a22001817a 4500
003 - CONTROL NUMBER IDENTIFIER
control field OSt
005 - DATE AND TIME OF LATEST TRANSACTION
control field 20211108152132.0
008 - FIXED-LENGTH DATA ELEMENTS--GENERAL INFORMATION
fixed length control field 211108b |||||||| |||| 00| 0 eng d
020 ## - INTERNATIONAL STANDARD BOOK NUMBER
International Standard Book Number 1403994935
040 ## - CATALOGING SOURCE
Transcribing agency HU
082 ## - DEWEY DECIMAL CLASSIFICATION NUMBER
Classification number NOO
100 ## - MAIN ENTRY--PERSONAL NAME
Personal name MIKKE NOON
9 (RLIN) 17304
245 ## - TITLE STATEMENT
Title THE REALITIES OFWORK
250 ## - EDITION STATEMENT
Edition statement 3ED
260 ## - PUBLICATION, DISTRIBUTION, ETC.
Place of publication, distribution, etc. BRIISH
Name of publisher, distributor, etc. PALGRAVE
Date of publication, distribution, etc. 2007
300 ## - PHYSICAL DESCRIPTION
Extent 436P
942 ## - ADDED ENTRY ELEMENTS (KOHA)
Source of classification or shelving scheme Dewey Decimal Classification
Koha item type Books like text book referance book
Suppress in OPAC No
Holdings
Withdrawn status Lost status Source of classification or shelving scheme Damaged status Not for loan Home library Current library Shelving location Date acquired Total Checkouts Full call number Barcode Date last seen Copy number Price effective from Koha item type
    Dewey Decimal Classification     Social Library Social Library General Stacks 11/08/2021   306.361/NOO SHLIB000002422 11/08/2021 1 11/08/2021 Books like text book referance book
    Dewey Decimal Classification     Social Library Social Library General Stacks 11/08/2021   306.361/NOO SHLIB000002423 11/08/2021 2 11/08/2021 Books like text book referance book